First line of songs by the Beatles (hard version) - Statistics

General Stats
  • This quiz has been taken 106 times
  • The average score is 9 of 25
Answer Stats
Hint Answer % Correct
All My Loving Close your eyes and I'll kiss you
75%
Lucy In the Sky With Diamonds Picture yourself in a boat on a river
64%
We Can Work It Out Try to see it my way
54%
Get Back JoJo was a man who thought he was a loner
51%
Maxwell's Silver Hammer Joan was quizzical
50%
Drive My Car Asked a girl what she wanted to be
47%
Come Together Here come old flat top
42%
I Will Who knows how long I've loved you
42%
You've Got to Hide Your Love Away Here I stand head in hand
41%
Golden Slumber Once there was a way to get back homeward
41%
Here There and Everywhere To lead a better life I need my love to be here
38%
Blue Jay Way There's a fog upon L.A.
36%
Hey Bulldog Sheepdog standing in the rain
34%
I Feel Fine Baby's good to me you know
33%
No Reply This happened once before
32%
P.S. I Love You As I write this letter
29%
You Won't See Me When I call you up your line's engaged
28%
I'm Happy Just to Dance With You Before this dance is through
25%
The Ballad of John and Yoko Standing in the dock at Southampton
25%
Piggies Have you seen the little piggies crawling in the dirt
24%
I'll Cry Instead I've got every reason on earth to be mad
18%
For No One The day breaks your mind aches
16%
A Day in the Life I heard the news today oh boy
14%
Tell Me What You See If you let me take your heart
11%
Rocky Raccoon Now somewhere in the black mining hills of Dakota
7%
No matching quizzes found
Score Distribution
Percent of People with Each Score
Percentile by Number Answered
Your Score History
You have not taken this quiz